000
00209 a2200097 4500
020
_a
9780439683739
041
_a
eng
100
_a
Lavigna Coyle, Carmela
245
_a
Do princess wear hiking boots
942
_c
BK
999
_c
30096
_d
30094